000 01328nam0a2200361 4500
001 RU\NLR\BIBL_A\012194820
005 20250623224645.0
010 _a978-5-907097-68-1
021 _aRU
_b2019-97930
_9КН-П-7196
035 _a(RuMoRGB)010203354
035 _a(NLR Aleph) 012194820
090 _a10814149
_c10814149
100 _a20200131d2019 |||y0rusy50 ca
101 0 _aeng
102 _aRU
105 _ay z 000ay
181 0 _ai
_baxxe
182 0 _an
200 1 _aBrave new world
_e[книга для чтения на английском языке]
_fAldous Huxley
_gадаптация, сокращение и словарь: В. Б. Филимонова
203 _aТекст
_bвизуальный
_cнепосредственный
210 _aСанкт-Петербург
_cАнтология
_d2019
215 _a125, [1] с.
_d20
225 1 _aAbridged. Adapted
_iB1
333 _a16+
541 1 _aО дивный новый мир
606 1 _aАнглийский язык
_jКниги для чтения
_9972309
_3RU\NLR\AUTH\6646032
686 1 _aШ143.21-93рус91
700 1 _7ba
_8eng
_aHuxley
_bA.
_f1894-1963
_gAldous
_9214249
_3RU\NLR\AUTH\770214305
702 1 _aFilimonova
_bV.B.
_4010
942 _cBOOK
980 _aNB